Population below poverty line - Statistics

General Stats
  • This quiz has been taken 55 times
  • The average score is 11 of 20
Answer Stats
Percent Country % Correct
63 Democratic Republic of Congo
83%
70 Nigeria
75%
50.6 South Sudan
73%
54 Yemen
73%
64.6 Burundi
70%
50.7 Malawi
68%
60.5 Zambia
68%
63 eSwatini
65%
55.1 Togo
65%
58.5 Haiti
63%
70.2 Sierra Leone
60%
72.3 Zimbabwe
60%
70.7 Madagascar
58%
57 Lesotho
53%
67 Guinea-Bissau
50%
54.1 Liberia
48%
82.5 Syria
48%
66.2 Sao Tome & Principe
35%
59.3 Guatemala
20%
70 Suriname
10%
No matching quizzes found
Score Distribution
Percent of People with Each Score
Percentile by Number Answered
Your Score History
You have not taken this quiz